[Event "EU-Cup Gr7"]
[Site "Krynica"]
[Date "1997.09.15"]
[Round "1"]
[White "Oll, Lembit"]
[Black "Alterman, Boris"]
[Result "1-0"]
[WhiteElo "2645"]
[BlackElo "2615"]
[Annotator "Tsesarsky"]
[PlyCount "159"]
[EventDate "1997.09.15"]
[EventType "team"]
[EventRounds "3"]
[EventCountry "POL"]
[Source "ChessBase"]
[SourceDate "1998.01.31"]
[WhiteTeamCountry "EST"]
[BlackTeamCountry "CZE"]

1. e4 {Hecht} c5 2. Nf3 Nc6 3. d4 cxd4 4. Nxd4 g6 5. c4 Nf6 6. Nc3 d6 7. Be2
Nxd4 8. Qxd4 Bg7 9. Be3 O-O 10. Qd2 Be6 11. O-O (11. f3 Qa5 12. O-O Rfc8 13.
Rfc1 a6 14. Rab1 Kf8 (14... Bxc4 15. Nd5 Qxd2 16. Nxe7+ Kf8 17. Bxd2 Kxe7 18.
Bxc4 $14) 15. b4 Qd8 16. c5 $14 {Rodriguez,A-Antunes,A/Mondariz op/1994/ (18)})
11... Qa5 12. Rab1 Rfc8 (12... Rfe8 13. b3 Ng4 14. Nd5 $14 {
1-0 Gelfand,B-Andersson,U/ 1997 (43)}) 13. b3 (13. b4 $2 Qd8 14. c5 a5 (14...
Ng4 15. Bxg4 Bxg4 $11) 15. a3 axb4 16. axb4 Ra3 17. Nb5 Ra2 18. Qd3 d5 19. Rbd1
Nxe4 $15 {1/2-1/2 Hanel,R-Stefansson,H/Vienna op 1991 (29)}) 13... Nd7 (13...
a6 14. Rfc1 Rab8 (14... Qb4 15. a3 Qa5 16. b4 (16. f3 Nd7 17. Nd5 Qxd2 18. Bxd2
Bxd5 19. cxd5 $14 {Zontakh,A-Velimirovic,D/Pozarevac/1995/0,5/75/}) 16... Qxa3
17. Ra1 Qxb4 (17... Nxe4 18. Rxa3 Nxd2 19. Bxd2 Bxc4 20. Bf3 $14) 18. Ra4 Nxe4
19. Rxb4 Nxd2 20. Bxd2 $14 {David,A-Antunes,A/Yerevan (ol) 1996 (24)}) (14...
b5 $6 15. b4 $1 Qd8 16. cxb5 axb5 17. Bxb5 Ra3 18. Bf1 Rcxc3 19. Rxc3 Rxa2 20.
Qc1 Nxe4 21. Ra3 $16 {Ivanchuk,V-Khalifman,A/Yalta act/1995/1:0/42/}) (14...
Nd7 15. f4 Rab8 16. b4 Qd8 17. Nd5 Nf6 18. Bf3 $14 {
Zarnicki,P-Spangenberg,H/ARG-ch/1995/0,5/40/}) 15. f3 Kf8 (15... Nd7 16. b4 Qd8
17. Nd5 Bxd5 18. Qxd5 Qc7 19. Qd1 a5 20. a3 axb4 21. axb4 $14 {
Kudrin,S-Dzindzichashvili,R/USA-ch/1995/0,5/45/}) 16. Qe1 $5 (16. b4 Qd8 17.
Nd5 $1 $14 {1-0 Psakhis,L-Rodriguez,A/Andorra 1996 (41)} (17. c5 dxc5 18. Qxd8+
Rxd8 19. bxc5 $14)) 16... Nd7 17. b4 Qd8 18. Nd5 Bxd5 19. cxd5 $16 {
1-0 Morovic Fernandez,I-Kudrin,S/New York op 1997/EXP 57 (25)}) (13... b5 14.
b4 Qc7 15. e5 $1 dxe5 16. Nxb5 $14 {
1-0 Ivanchuk,V-Kovacevic,A/Investbanka, Belgrade YUG 1997 (41)}) (13... Ng4 14.
Nd5 Qxd2 15. Bxd2 Kf8 16. Bxg4 Bxg4 17. Bg5 e6 18. Nf6 h6 19. Bxh6 Be2 20. Rfe1
Bxc4 21. Nd7+ Kg8 22. Bxg7 Kxg7 23. Rbd1 (23. bxc4 Rc7 24. c5 Rxd7 25. cxd6 $14
) 23... Bb5 24. Rxd6 Bxd7 25. Rxd7 $14 {1/2-1/2 Enders,P-Brendel,O/BL 1995 (52)
}) 14. Rfc1 Qb4 $146 (14... Qd8 $2 15. Nd5 $16 {
1-0 Ivanchuk,V-Anand,V/Buenos Aires Sicilian 1994/CBM 44/[Boensch,U] (34)}) (
14... a6 $5) 15. Rc2 $14 a6 16. Rbc1 (16. Nd5 Qxd2 17. Rxd2 Kf8 18. Nf4 $14 {^^
}) 16... Rab8 (16... Ne5 17. Nd5 $14) 17. f3 (17. Bg5 Bf6 18. Bxf6 Nxf6 19. Nd5
Nxd5 (19... Qxd2 20. Nxf6+ Kg7 (20... exf6 21. Rxd2 $16) 21. Nh5+ gxh5 22. Rxd2
b5 23. Rdc2 $14) 20. exd5 Qxd2 21. Rxd2 Bf5 $11) 17... Qa5 18. Nd5 $1 Qxd2 19.
Rxd2 Kf8 (19... Bxd5 20. Rxd5 $14 (20. exd5 a5 21. Kf2 $14)) 20. Rdc2 f5 $5 (
20... Nf6 21. Nb6 Rc6 22. b4 Nd7 23. Nd5 Rbc8 24. a4 $14) 21. exf5 Bxf5 22. Rd2
Nf6 (22... Rc6 $14) 23. Nb6 Rc6 24. Rcd1 Re8 (24... h5 $14) 25. Bf1 Be6 (25...
h5) 26. g3 Rc7 27. Bg2 Nd7 28. Nd5 Bxd5 $6 (28... Rc6 29. h4 Rec8 30. Kf2 $14)
29. Rxd5 Nf6 (29... Rb8 30. h4 (30. f4 b5 $14) 30... b5 31. cxb5 Rxb5 32. Bf1
Rxd5 33. Rxd5 Rc2 34. Ra5 Ne5 35. Bg2 $14) 30. Ra5 Nd7 (30... Kf7 $14) 31. f4
Bc3 32. Rg5 Bb4 $6 (32... Bf6 33. Rgd5 $14) 33. f5 $1 $16 (33. h4 $6 e6 34. h5
Kf7 $11) 33... Bc5 (33... Kg7 34. fxg6 hxg6 35. Be4 Nf8 (35... Ne5 36. Bd4 Bc5
37. Rxg6+ Kh8 38. Bxc5 Nxg6 39. Bb6 $18) 36. h4 $16) 34. Bxc5 Rxc5 35. Bxb7 Ne5
(35... Rb8 36. Bxa6 Ne5 37. Rf1 Kg7 38. fxg6 hxg6 39. Bb5 (39. Kh1 $2 Ra5 40.
Bb5 Rxa2 $15) 39... Nf3+ 40. Rxf3 Rxg5 41. a4 $16) (35... Kg7 36. Bxa6 $16) 36.
fxg6 hxg6 37. h4 Kg7 (37... Rb8 38. Bd5 $16) 38. Kg2 a5 39. Bd5 Rb8 40. Re1 (
40. Rd2 Rb4 (40... a4 41. bxa4 Rb4 42. h5 Kh6 43. hxg6 Kxg5 44. g7 Rc8 45.
g8=Q+ Rxg8 46. Bxg8 Rxa4 $11 (46... Nxc4 47. Re2 e5 48. Re4 Rb2+ 49. Kh3 Na5
50. a3 $14)) 41. Be4 a4 42. Bc2 axb3 43. axb3 Ra5 44. Re2 Ra2 45. Kf2 $16)
40... a4 41. h5 (41. Rexe5 $2 dxe5 42. h5 Rb6 $1 (42... Kh6 $2 43. Rxg6+ Kxh5 (
43... Kh7 44. Re6 $18) 44. Be4 $18 (44. Bf7 $18)) 43. bxa4 Kh6 44. Rxe5 gxh5
45. Rxe7 Rb4 46. Kh3 Rxa4 $11) 41... axb3 42. axb3 Rxb3 (42... Rb6 $5 43. b4 $1
Rc7 $1 (43... Rxb4 44. Rexe5 dxe5 45. Rxg6+ $16) 44. Rexe5 dxe5 45. b5 $1 (45.
c5 Rxb4 46. Rxg6+ Kh7 $132) 45... e6 $1 (45... Kh6 46. Rxg6+ Rxg6 47. hxg6 Kxg6
48. b6 Rc8 49. b7 $18) (45... Rc5 46. Rxg6+ Rxg6 47. hxg6 Kxg6 48. b6 $18) 46.
Rxg6+ Kf7 47. Kf3 $1 Rd6 $1 48. g4 Rc5 (48... exd5 49. Rxd6 dxc4 50. b6 $18)
49. g5 Rc8 (49... Ke7 50. h6 exd5 51. Rxd6 Kxd6 52. h7 Rc8 53. g6 $18) 50. Bc6
$16) 43. Rexe5 dxe5 44. Rxg6+ Kh8 (44... Kh7 45. Re6 $16) 45. Re6 Ra5 46. Rxe5
Raa3 47. Rg5 e5 48. Kh3 Rc3 49. Rg8+ Kh7 50. Rg6 e4 $2 (50... Ra7 $16) 51. Bxe4
$18 Kh8 (51... Rxc4 52. Ra6+ Rxe4 53. Rxa3 $18) 52. Bd5 Ra7 53. Kh4 Re7 54. g4
Rd3 55. Rh6+ Kg7 56. Rd6 Rc3 57. Kg5 Re5+ 58. Kf4 Re7 59. h6+ Kh7 60. Be4+
Rxe4+ 61. Kxe4 Rxc4+ {# Hecht  Die Verwertung der verbundenen Freibauern h+g
ist ein technisches Problem und etwas schwieriger als bei verbundenen
Freibauern ohne einen Randbauern. Gewinnplan: Der schwarze König wird auf Matt
gestellt, was den schwarzen Turm auf die letzte Reihe zwingt. Dann wandert der
weiße König zum Damenflügel und erzwingt von der 7.Reihe aus den Turmtausch
auf der 8. Reihe.} 62. Kf5 Rc5+ 63. Kf4 Rc1 64. Kg5 Rc5+ 65. Kh4 Rc1 66. Kh5
Rh1+ 67. Kg5 Ra1 68. Rd7+ Kh8 69. Kh5 Ra5+ 70. g5 Kg8 71. Re7 Rb5 72. Kg6 Rb6+
73. Kf5 Rb5+ 74. Kf6 Rb6+ 75. Re6 Rb8 76. g6 Rf8+ 77. Ke5 Ra8 78. Rd6 Re8+ 79.
Kf6 Ra8 80. Ke7 1-0

[Event "EU-Cup Gr7"]
[Site "Krynica"]
[Date "1997.09.16"]
[Round "2"]
[White "Babula, Vlastimil"]
[Black "Oll, Lembit"]
[Result "0-1"]
[WhiteElo "2545"]
[BlackElo "2645"]
[Annotator "Psakhis,L"]
[PlyCount "64"]
[EventDate "1997.09.15"]
[EventType "team"]
[EventRounds "3"]
[EventCountry "POL"]
[Source "ChessBase"]
[SourceDate "1998.01.31"]
[WhiteTeamCountry "EST"]
[BlackTeamCountry "CZE"]

1. d4 {Kortschnoj} Nf6 2. c4 e6 3. Nc3 Bb4 4. e3 c5 5. Bd3 d5 6. Nf3 cxd4 7.
exd4 dxc4 8. Bxc4 O-O 9. O-O Nbd7 {
Lembit Oll prefers this move to more popular 9...a6 and 9...b6} 10. Bg5 h6 {
Black did well and after} (10... Qa5 $5 11. Rc1 (11. Qe2 Bxc3 12. bxc3 b6 13.
Ne5 Bb7 14. Nxd7 Nxd7 15. Bd2 Qf5 16. Bd3 Qd5 17. f3 Nf6 $11 {
0-1 Vaiser,A-Korchnoi,V/New York GP 1994 (30)}) 11... Bxc3 12. Rxc3 b5 13. Ra3
Qb6 14. Rb3 a6 15. a4 Qc7 16. Bd3 bxa4 17. Rc3 Qa5 18. Ra3 Bb7 19. Rxa4 Qd5 $13
{Ljubojevic,L-Kortschnoj,V/Leon 1994/CBM 42/[Franco]/1/2-1/2 (81)}) 11. Bh4 Qa5
(11... a6 12. Qe2 Be7 13. Rfe1 b5 14. Bb3 Bb7 15. Rad1 Re8 16. Ne5 $14 {
1/2-1/2 Averbakh,Y-Prins,L/SVE izt 1952 (77)}) 12. Rc1 (12. Qd3 $5 {Vaisser})
12... Bxc3 $5 {In the beggining of the year Oll played with success} (12... b6
13. Qe2 Bb7 14. Ne5 Rac8 15. a3 Bxc3 16. Rxc3 Nxe5 17. b4 Nf3+ 18. Qxf3 Bxf3
19. bxa5 Bb7 20. axb6 axb6 21. Rfc1 Ne4 22. R3c2 g5 23. Bg3 Nxg3 24. hxg3 Rfd8
25. Bb5 Rxc2 26. Rxc2 Rxd4 27. Rc7 {Zayac,E-Oll,L/US-op 1997/EXP 58/0-1 (45)})
13. Rxc3 (13. bxc3 b5 14. Bb3 Bb7 $11) 13... b5 14. Bb3 b4 (14... Bb7 15. Ne5
Nxe5 $140 16. dxe5 b4 17. Re3 Nd5 18. Rg3 $36) 15. Rc1 Bb7 16. Re1 (16. Ne5
Nxe5 17. Bxf6 Ng6 $15) 16... Rac8 (16... Qh5 $5 {Kortschnoj} 17. Bg3 Rfc8 $11)
17. Ne5 Bd5 (17... Nxe5 $5 18. Rxe5 (18. dxe5 Rxc1 19. Qxc1 Ne4 20. Qf4 Rc8 $11
) 18... Nd5) 18. Qd3 (18. Nxd7 $5 Nxd7 19. Qh5) 18... Bxb3 (18... Nxe5 $2 19.
dxe5 Bxb3 20. exf6) 19. Nxd7 $5 (19. Qxb3 Rxc1 (19... Nxe5 {Kortschnoj} 20.
dxe5 Qxe5 $11) 20. Rxc1 Nxe5 21. dxe5 (21. Bxf6 Ng6 22. Be5 Nxe5 23. dxe5 Qxe5
24. Qxb4 Rb8 $15) 21... Nd5 $11) 19... Nxd7 20. Qxb3 Rfe8 21. Rxc8 Rxc8 22. Be7
Qb6 (22... Qf5 $5 23. Bxb4 Rc2 24. Rf1 Nb6 $44) (22... Rb8 23. Bd6 Rb7 $140 24.
Rc1 $5 $36 (24. Rxe6 $5 fxe6 25. Qxe6+ Kh8 $1 (25... Kh7 26. Qe4+ Kg8 27. Qxb7
$18) 26. Qe8+ Nf8 27. Bxf8 Qxa2 $13)) 23. Qxb4 (23. d5 {Kortschnoj} exd5 24.
Qxd5 Nf6 $11) 23... Rc2 24. Qa4 $1 (24. Qxb6 $2 Nxb6 25. Rb1 Nc4 $15) 24... Qc7
(24... Qxb2 $2 25. Qxd7 Rc1 26. Qd8+ $1 Kh7 27. Qa5 Qa1 28. Bb4 $18) 25. Bc5 $6
(25. b3 Nb6 26. Qe8+ Kh7 27. Qxf7 Nd5 28. Qxe6 Nxe7 $15) (25. Qb3 $1 {
Kortschnoj} Rc1 26. Bb4 $14) 25... Rxb2 26. Bxa7 (26. Qxa7 Qxa7 (26... Qf4 $5 {
Kortschnoj}) 27. Bxa7 Rxa2 28. Bc5 Nxc5 (28... e5 $15 {Kortschnoj}) 29. dxc5
Rc2 $15) 26... Nf6 $1 $44 27. d5 $6 (27. h3 $142 $1 Qf4 $140 28. Rf1 Ne4 29. d5
$1 exd5 30. Bd4 $11) 27... Nxd5 28. Bd4 (28. a3 Nc3 29. Qa6 Ne2+ $1 30. Kh1 (
30. Kf1 $2 Qxh2 $1 $19) 30... Qc3 31. Rf1 Qc2 $19) 28... Rb4 29. Qa8+ $4 (29.
Qe8+ Kh7 30. Ba1 Re4 $5 31. Rf1 Re2 $15) (29. Qd1 $15 {Kortschnoj}) 29... Kh7
30. Ba1 Qc2 $17 31. Qf8 $6 (31. Qa6 {Kortschnoj} Nf4 $19) (31. Qa5 $5 Rb1 32.
g3 Nb4 33. Qe5 Rxe1+ 34. Qxe1 Nxa2 $17) 31... Qg6 32. Be5 (32. Rf1 Rb1 33. Qc5
Rxf1+ 34. Kxf1 Qd3+ 35. Ke1 Nf4 $19) 32... Rb1 $19 0-1

[Event "Hoogeveen VAM op"]
[Site "Wijk aan Zee"]
[Date "1997.??.??"]
[Round "3"]
[White "Polgar, Sofia"]
[Black "Oll, Lembit"]
[Result "1/2-1/2"]
[WhiteElo "2475"]
[BlackElo "2645"]
[PlyCount "106"]
[EventDate "1997.10.??"]
[EventType "swiss"]
[EventRounds "9"]
[EventCountry "NED"]
[Source "ChessBase"]
[SourceDate "1997.11.04"]
[WhiteTeamCountry "EST"]
[BlackTeamCountry "CZE"]

1. e4 Nf6 2. e5 Nd5 3. d4 d6 4. Nf3 Bg4 5. Be2 e6 6. O-O Be7 7. c4 Nb6 8. Be3
Nc6 9. exd6 cxd6 10. d5 exd5 11. cxd5 Bxf3 12. Bxf3 Ne5 13. Be2 O-O 14. Qb3
Ned7 15. a4 Bg5 16. a5 Bxe3 17. Qxe3 Re8 18. Qd2 Nc5 19. Bd1 Nc4 20. Qc3 Ne5
21. b4 Ne4 22. Qd4 Qf6 23. Nd2 Nxd2 24. Qxd2 Nc4 25. Qc1 Nd2 26. Ba4 Nxf1 27.
Bxe8 Nd2 28. Qe1 Kf8 29. Ba4 Qb2 30. Rd1 Qxb4 31. Bd7 Rd8 32. Qxd2 Qxd2 33.
Rxd2 Rxd7 34. Rc2 Ke7 35. f4 Kd8 36. a6 b6 37. Rc3 Rc7 38. Rh3 h6 39. Rg3 f6
40. h4 b5 41. Kf2 Ke8 42. Re3+ Kd8 43. Rg3 b4 44. Ke2 Re7+ 45. Kd3 Kc7 46. Kc4
Kb6 47. Kxb4 Kxa6 48. Kc4 Kb7 49. Rb3+ Kc8 50. h5 Rc7+ 51. Kd4 a5 52. Ra3 Rc5
53. Ke4 Kd7 1/2-1/2

[Event "Hoogeveen VAM op"]
[Site "Wijk aan Zee"]
[Date "1997.??.??"]
[Round "4"]
[White "Oll, Lembit"]
[Black "De Jong, Migchiel"]
[Result "1-0"]
[WhiteElo "2645"]
[BlackElo "2325"]
[PlyCount "41"]
[EventDate "1997.10.??"]
[EventType "swiss"]
[EventRounds "9"]
[EventCountry "NED"]
[Source "ChessBase"]
[SourceDate "1997.11.04"]
[WhiteTeamCountry "EST"]
[BlackTeamCountry "CZE"]

1. d4 Nf6 2. Bg5 e6 3. e4 h6 4. Bxf6 Qxf6 5. Qd2 e5 6. dxe5 Qxe5 7. Nc3 Bb4 8.
Nge2 c6 9. O-O-O O-O 10. Kb1 Rd8 11. f4 Qe7 12. a3 Ba5 13. Ng3 d6 14. Be2 Bc7
15. Rhf1 b5 16. Bxb5 cxb5 17. Nd5 Qd7 18. Qc3 Bb6 19. Nf5 f6 20. Nxb6 axb6 21.
Rxd6 1-0

[Event "Hoogeveen VAM op"]
[Site "Wijk aan Zee"]
[Date "1997.??.??"]
[Round "5"]
[White "Bronstein, David"]
[Black "Oll, Lembit"]
[Result "1/2-1/2"]
[WhiteElo "2420"]
[BlackElo "2645"]
[PlyCount "65"]
[EventDate "1997.10.??"]
[EventType "swiss"]
[EventRounds "9"]
[EventCountry "NED"]
[Source "ChessBase"]
[SourceDate "1997.11.04"]
[WhiteTeamCountry "EST"]
[BlackTeamCountry "CZE"]

1. d4 Nf6 2. c4 e6 3. Nf3 c5 4. e3 cxd4 5. exd4 d5 6. Nc3 Bb4 7. cxd5 Nxd5 8.
Bd2 Nc6 9. Bd3 Nf6 10. Be3 Bd7 11. O-O O-O 12. a3 Be7 13. Ne5 Be8 14. Bc2 Rc8
15. Re1 a6 16. Qd3 Nxe5 17. dxe5 Qxd3 18. Bxd3 Nd7 19. f4 Nc5 20. Bc2 f6 21.
Rad1 fxe5 22. fxe5 Bh5 23. Rd4 Rfd8 24. Ne4 Rxd4 25. Bxd4 Nxe4 26. Bxe4 b5 27.
Kf2 Bg6 28. Bxg6 hxg6 29. Ke3 g5 30. Kd3 Kf7 31. h3 Kg6 32. g4 Kf7 33. Be3
1/2-1/2

[Event "Hoogeveen VAM op"]
[Site "Wijk aan Zee"]
[Date "1997.??.??"]
[Round "7"]
[White "Rogers, Ian"]
[Black "Oll, Lembit"]
[Result "1/2-1/2"]
[WhiteElo "2570"]
[BlackElo "2645"]
[PlyCount "61"]
[EventDate "1997.10.??"]
[EventType "swiss"]
[EventRounds "9"]
[EventCountry "NED"]
[Source "ChessBase"]
[SourceDate "1997.11.04"]
[WhiteTeamCountry "EST"]
[BlackTeamCountry "CZE"]

1. e4 c5 2. c3 Nf6 3. e5 Nd5 4. d4 cxd4 5. Qxd4 e6 6. Nf3 Nc6 7. Qe4 d6 8. Nbd2
dxe5 9. Nxe5 Nxe5 10. Qxe5 Bd7 11. Nf3 Qc7 12. Qxc7 Nxc7 13. Ne5 Bb5 14. c4 Ba6
15. Be2 f6 16. Nf3 e5 17. O-O b6 18. a3 Rc8 19. b4 Nd5 20. Nd2 Nf4 21. Bf3 Rd8
22. g3 Nd3 23. Bd5 Kd7 24. Ne4 Nxc1 25. Raxc1 Kc7 26. Rfd1 Be7 27. c5 bxc5 28.
Nxc5 Bxc5 29. Rxc5+ Kb8 30. Rdc1 Rc8 31. Be4 1/2-1/2

[Event "Maroczy Memorial"]
[Site "Szeged"]
[Date "1997.11.15"]
[Round "2"]
[White "Oll, Lembit"]
[Black "Atalik, Suat"]
[Result "1/2-1/2"]
[WhiteElo "2645"]
[BlackElo "2590"]
[Annotator "Ftacnik,L"]
[PlyCount "76"]
[EventDate "1997.11.14"]
[EventType "tourn"]
[EventRounds "9"]
[EventCountry "HUN"]
[EventCategory "13"]
[Source "ChessBase"]
[SourceDate "1998.01.31"]
[WhiteTeamCountry "EST"]
[BlackTeamCountry "CZE"]

1. d4 Nf6 2. c4 g6 3. Nc3 d5 4. Nf3 Bg7 5. cxd5 Nxd5 6. e4 Nxc3 7. bxc3 c5 8.
Rb1 O-O 9. Be2 cxd4 10. cxd4 Qa5+ 11. Bd2 Qxa2 12. O-O Na6 $5 $146 {It is hard
to believe, that this move was not tried before. The knight is often hit on c6
with d4-d5. Es ist schwer zu glauben, daß dieser Zug nicht schon früher
versucht wurde. Der Springer auf c6 ist häufig bedroht durch d4-d5.} (12... Nc6
13. d5 Ne5 14. Nxe5 Bxe5 15. f4 Bd4+ 16. Kh1 b6 17. Bb4 Bc5 18. Ra1 Qxa1 19.
Qxa1 Bxb4 20. Bb5 a6 21. Bc6 Ra7 22. Qa4 Bc5 23. f5 b5 {
Gupta,M-Luecke,N/Muenster op 1990/0-1 (44)}) (12... Bd7 13. Rxb7 (13. Rb4 Nc6
14. Ra4 Qb2 15. d5 Ne5 16. Rb4 Nxf3+ 17. Bxf3 Qa2 18. Rxb7 Ba4 19. Qe1 Rfb8 20.
Qb1 Qxb1 21. Rfxb1 Be5 22. g3 Bc2 {
Touzane,O-Fernandez Garcia,J/Santa Cruz de la Palma op 1995/1/2-1/2 (57)})
13... Rc8 14. Bf4 (14. Bg5 h6 15. Bh4 Bc6 16. Rxe7 Bf8 17. d5 Ba4 18. Qd3 g5
19. Bxg5 hxg5 20. Rxf7 Kxf7 21. Nxg5+ Ke7 22. e5 Bc2 23. Qf3 {
1-0 Shipov,S-Ivanov,V/Moscow Petrosian 1995/}) 14... e6 15. Ne5 Bxe5 16. Bxe5
Bc6 17. Re7 Bxe4 18. Bb5 Nc6 19. Bxc6 Bxc6 20. Qc1 Qd5 21. f3 Kf8 22. Qg5 Be8
23. Qf6 Rc2 24. Bf4 Qh5 25. Rxe6 {1-0 Khalifman,A-Dvoirys,S/RUS-chT 1992/}) 13.
Bg5 h6 (13... Qe6 14. Qc2 $5) 14. Bh4 (14. Bxe7 Re8 15. Ra1 Qe6 16. Ba3 Qxe4
17. Bxa6 bxa6 18. Re1 Qc6 $15) 14... g5 15. Bg3 Rd8 16. Rc1 (16. Ra1 Qe6) 16...
Bg4 17. Bc4 (17. Ra1 Qe6 18. Nxg5 hxg5 19. Bxg4 Qxe4 20. Bf3 Qxd4 $17) 17...
Qb2 (17... Qa3 18. Bd5 (18. Bxf7+ Kxf7 19. Nxg5+ hxg5 20. Qxg4 Bxd4 $17) 18...
Bxf3 19. Qxf3 Qxf3 20. gxf3 Rxd5 21. exd5 Bxd4 $13) 18. Rb1 Qxd4 $5 (18... Qc3
19. Bd5 $13) 19. Nxd4 (19. Qxd4 Bxd4 20. Rxb7 Nc5 21. Rxe7 Be6 22. Bxe6 Nxe6
$11) 19... Bxd1 20. Nf5 (20. Rfxd1 Bxd4 21. Bd5 Rxd5 $5 22. exd5 Bb6 $13) 20...
Bc2 21. Rxb7 Bxe4 22. Nxe7+ (22. Bxa6 $2 Bxf5 23. Rxe7 Rd7 $17) 22... Kf8 (
22... Kh8 $2 23. Bxa6 $18) 23. Nc6 $1 {The fight gets very exciting, Oll had
to use lot of phantasy. Der Kampf wird sehr spannend, Oll musste viel Fantasie
benutzen.} (23. Ng6+ $6 Bxg6 24. Bxa6 Be4 $15) (23. Bxa6 Bxb7 24. Bxb7 Kxe7 25.
Re1+ Kf8 26. Bxa8 Rxa8 $17) 23... Bxc6 (23... Bd5 $2 24. Nxd8 Bxc4 25. Rd1 Bf6
26. Nc6 $18) 24. Rxf7+ Kg8 (24... Ke8 $4 25. Re1+) 25. Rxa7+ (25. Rc7+ Bd5 26.
Bxa6 Bd4 $14) 25... Kh8 26. Rxa6 Rxa6 27. Bxa6 Ra8 28. Bd3 Ra1 $1 29. Bd6 Rxf1+
30. Kxf1 Bd4 31. Bf8 (31. f4 gxf4 32. Bxf4 Kg7 $14) 31... Bg7 32. Bc5 (32.
Bxg7+ Kxg7 33. f3 Kf6 $14) 32... Be5 33. g3 (33. h3 Kg7) 33... Bf3 $5 (33...
Kg7 34. Ke2 Bd5 $14) 34. Bf8 Bg7 35. Be7 Kg8 36. Bc4+ Kh7 37. Be2 (37. Bd3+ Kg8
) 37... Bxe2+ 38. Kxe2 g4 (38... g4 39. Ke3 Kg6 40. Kf4 h5 $14) 1/2-1/2

[Event "Maroczy Memorial"]
[Site "Szeged"]
[Date "1997.11.19"]
[Round "6"]
[White "Miles, Anthony"]
[Black "Oll, Lembit"]
[Result "1/2-1/2"]
[WhiteElo "2595"]
[BlackElo "2645"]
[Annotator "Ribli"]
[PlyCount "50"]
[EventDate "1997.11.14"]
[EventType "tourn"]
[EventRounds "9"]
[EventCountry "HUN"]
[EventCategory "13"]
[Source "ChessBase"]
[SourceDate "1998.01.31"]
[WhiteTeamCountry "EST"]
[BlackTeamCountry "CZE"]

1. c4 {Konikowski,J} Nf6 2. Nc3 e6 3. e4 {Die scharfe Mikenas-Variante, die
Komplikationen in der ruhigen Englischen Eröffnung bringt. Ribli.} d5 4. e5 d4
5. exf6 dxc3 6. bxc3 Qxf6 7. Nf3 (7. d4 $5 {Konikowski,J}) 7... e5 8. Bd3 (8.
d4 {Konikowski,J} exd4 9. cxd4 Bb4+ 10. Bd2 Bxd2+ 11. Qxd2 O-O $11) 8... Na6 (
8... Bf5 $6 9. Bxf5 Qxf5 10. O-O Nd7 11. d4 O-O-O 12. Be3 $14 {
Ribli 1-0 Kortschnoj,V-Robatsch,K/Ptuj zt 1995 (41)}) 9. O-O Bd6 (9... Nc5 10.
Nxe5 (10. Be2 {Konikowski,J} e4 11. Nd4 Bd6 12. Nb5 Bd7 13. Nxd6+ Qxd6 14. f3
f5 15. fxe4 fxe4 16. d4 exd3 17. Bh5+ g6 18. Bf4 Qe7 19. Bxc7 Bc6 20. Qg4 Be4
21. Qf4 gxh5 22. Bd6 Rg8 23. g3 Rg4 24. Qh6 Rg6 25. Bxe7 Rxh6 26. Bxc5 O-O-O
27. Bxa7 d2 28. Be3 Rhd6 29. Bd4 Bc2 30. Rad1 Bxd1 31. Rxd1 Re8 32. Rxd2 Re1+
33. Kg2 Rde6 34. Kf3 Ra1 $15 {Petursson,M-Marciano/Andorra/1991/}) 10... Bd6
$13 (10... Qxe5 11. Re1 Nxd3 12. Rxe5+ Nxe5 13. Qe2)) 10. Re1 {
Das ist der Zug des niederländischen Großmeisters van Wely. Ribli.} (10. Bc2
Bg4 (10... O-O 11. d4 exd4 12. cxd4 Bf5 13. Rb1 Rab8 14. Bg5 Qg6 15. Bxf5 Qxf5
16. Re1 h6 {Hauchard,A-Levacic,D/FRA-chT 1993/TD 93\08/1/2-1/2 (65)} (16... h6
{Konikowski,J} 17. Bh4 c5 18. dxc5 (18. Rb5 $5 Nc7 19. Ra5 $14) 18... Qxc5 19.
Re4 Qc6 $11 {Hauchard,A-Levacic,D/FRA-chT 1993/})) 11. d4 Bxf3 (11... O-O-O {
Konikowski,J} 12. Be4 (12. Bg5 $5 Bxf3 13. Bxf6 Bxd1 14. Bf5+ Kb8 15. Bxd8 Be2
16. Rfe1 Bxc4 17. dxe5 $18) 12... Bxf3 13. Bxf3 c6 14. Rb1 exd4 15. cxd4 Rhe8
16. Qa4 Re7 17. Bg4+ {1-0 Vanderwaeren,S-Praet,M/BEL-ch 1996/}) 12. Qxf3 Qxf3
13. gxf3 O-O-O 14. Rb1 c5 15. Be4 b6 16. dxe5 Bxe5 17. Rb3 Nb8 18. Be3 Kc7 19.
Rfb1 Nc6 20. Bd5 Rd7 21. f4 {
1/2-1/2 Gelfand,B-Jussupow,A/Erevan olm 1996/EXT 96ch2}) (10. Ba3 Bg4 11. Bxd6
Qxd6 12. Qa4+ Kf8 13. Be4 Nc5 14. Qc2 Re8 15. Rfe1 g6 16. h3 Bd7 17. d4 exd4
18. cxd4 Nxe4 19. Rxe4 Kg7 20. Ree1 b6 {
1/2-1/2 Milos,G-Tal,M/Buenos Aires Najdorf 1991/CBM 24/[Ribli]}) 10... O-O 11.
Qc2 {Das ist die Abweichung von der Partie Van Wely,L - Oll,L,Beijing 1997.
Die Partie war dem englischen Großmeister Miles natürlich nicht unbekannt. Ich
glaube, daß die Variante 11.Nxe5 Bxe5!? 12.Qh5 Bxh2 Miles nicht gefiel, so er
spielt diesen Damenzug. Ribli.} (11. Nxe5 Nc5 (11... Bxe5 $5 12. Qh5 Bxh2+ 13.
Qxh2 Bf5 $11) 12. Bc2 Bxe5 13. Qh5 Bxh2+ 14. Kxh2 Qd6+ 15. Qe5 Qxe5+ 16. Rxe5
$14 {Van Wely,L-Oll,L/ST Lee Cup 4th 1997/1-0 (55)}) 11... Kh8 {
Schwarz schwächt seine Königsstellung nicht mit 11...g6 oder 11...h6. Ribli.}
12. Be4 (12. Bxh7 g6 $17) 12... Nc5 $11 {
Schwarz hat eine gute Figurenstellung und keine Eröffnungsprobleme. Ribli.} 13.
d4 Nxe4 {Ich bin der Meinung, daß diese ganze Variante Weiß keinen Vorteil
bietet. Ribli.} 14. Qxe4 (14. Rxe4 $2 Bf5 (14... exd4 15. Rxd4 (15. Rh4 Bf5)
15... Bf5 $17)) 14... exd4 15. cxd4 {Weiss hat zwar Zentrumsübergewicht, aber
Schwarz besitzt das Läuferpaar und eine bequeme Stellung. Ribli.} c6 {
Schwarz verteidigt zuerst den Bauern b7,und bereitet so den Läuferzug 16...Bf5
vor. Ribli.} 16. Bg5 (16. Rb1 $2 {
Positionell wäre dieser Zug wegen der halboffenen Linie gut. Ribli.} Bf5 $19)
16... Qf5 (16... Qe6 {Konikowski,J} 17. Qc2 Qg4 18. Be7 $16) 17. Qxf5 (17. Qe3
Bd7 $11 (17... Be6 $11)) 17... Bxf5 18. Be7 $5 {Sonst spielt Schwarz 18...Rfe8
und steht dank seines Läuferpaares etwas besser. Ribli.} Bxe7 19. Rxe7 {
Der Turm ist der Stolz der weißen Stellung. Schwarz muß sich vorsichtig gegen
die weißen Aktivitäten verteidigen. Ribli.} Rab8 20. Ne5 (20. Rae1 Be6 $11)
20... Kg8 (20... f6 21. Nf7+ Kg8 22. Nd6 $16) 21. g4 (21. Re1 f6 $5 (21... Rfe8
$2 22. Nxc6 $18) 22. Nd7 Bxd7 23. Rxd7 Rf7 24. Ree7 Rxe7 25. Rxe7 Rd8 26. Rxb7
Rxd4 27. g3 Rxc4 28. Rxa7 $11) 21... Be6 22. Rb1 Rbd8 {
Dieser Zug zeigt,daß Weiss auch Schwächen in seiner Stellung hat. Ribli.} 23.
Rbxb7 Rxd4 24. h3 (24. Rxa7 {Konikowski,J} Re4 $11) 24... a5 25. Ra7 (25. Nxc6
Rxc4 26. Nxa5 Rc1+ 27. Kh2 Bxa2 $11) 25... Bxc4 {
Und hier wurde in gleicher Stellung Remis gegeben. Ribli.} (25... Bxc4 26. Nxc6
(26. Rxa5 Bd5 $11) 26... Rd1+ 27. Kh2 Bxa2 $11) 1/2-1/2